Statistics for Countries Gaining the Highest Percent of People

Click here to take the quiz!

General Stats

  • This quiz has been taken 15 times
  • The average score is 8 of 15

Answer Stats

Percent of GainCountry% Correct
3.84 %Niger
92%
3.12 %Burundi
83%
3.02 %Mali
67%
2.93 %Mozambique
67%
2.98 %Tanzania
67%
2.86 %Burkina Faso
58%
3.19 %Dem. Rep. of the Congo
58%
3.32 %Uganda
58%
3.00 %Chad
50%
2.92 %Somalia
50%
2.93 %Zambia
50%
3.27 %Angola
33%
3.68 %Bahrain
33%
3.47 %Equatorial Guinea
33%
2.94 %Gambia
33%

Score Distribution

Percentile by Number Answered

Percent of People with Each Score

Your Score History

You have not taken this quiz